|
|
|
|
| LEADER |
00000nam a2200000 a 4500 |
| 001 |
vtls008338736 |
| 003 |
SK-MaSNL |
| 005 |
20260301095327.0 |
| 008 |
190102s1973 xo oda e n 000 0 slo |
| 015 |
|
|
|a SKSNBA1973/12-02806
|
| 035 |
|
|
|a SK01SNK19730030953
|
| 035 |
|
|
|a SKM000033416
|
| 040 |
|
|
|a SNK
|b slo
|c SNK
|e AACR2
|
| 041 |
0 |
|
|a slo
|
| 044 |
|
|
|a xo
|c SK
|
| 080 |
|
|
|a 53:669.017/.018(075.8)
|2 1981
|
| 100 |
1 |
|
|a Puškár, Anton,
|d 1939-
|4 aut
|9 215131
|
| 245 |
1 |
0 |
|a Fyzika kovov a zliatin
|c Anton Puškár
|
| 260 |
|
|
|a Bratislava
|b Alfa
|c 1973
|
| 300 |
|
|
|a 328, [1] s.
|b fotogr., ilustr., grafy, sch., tab.
|c 4°
|
| 366 |
|
|
|e 300 výt.
|
| 490 |
1 |
|
|a Dočasné vysokoškolské učebnice
|
| 504 |
|
|
|a Bibliogr. odkazy
|
| 650 |
0 |
7 |
|a fyzika kovov
|2 SNKPH
|9 94045
|
| 650 |
0 |
7 |
|a fyzika zliatin
|2 SNKPH
|9 430523
|
| 655 |
|
7 |
|a učebnice vysokých škôl
|2 SNKPH
|9 70191
|
| 830 |
|
0 |
|a Dočasné vysokoškolské učebnice
|9 278602
|
| 958 |
|
|
|a OND
|
| 958 |
|
|
|a TL
|
| 958 |
|
|
|a UV
|
| 958 |
|
|
|a RK
|
| 958 |
|
|
|a NB
|
| 999 |
|
|
|c 682809
|d 684739
|
| 952 |
|
|
|a SNK
|b SNK
|y PREZ
|7 0
|p 17A0902404
|o snkSB 20370
|i snkKSP 1046/74
|0 0
|1 0
|4 0
|d 2014-04-25
|f 1
|l 0
|r 2025-03-25 00:00:00
|w 2026-02-23
|